Hình học họa hình Sách dùng trong các trường ĐH Kỹ thuật soạn theo chương trình đã được bộ ĐH & TH chuyên nghiệp duyệt

Kaydedildi:
Detaylı Bibliyografya
Yazar: Nguyễn Đình Điện (Chủ biên)
Diğer Yazarlar: Dương Tiến Thọ (tác giả), Đỗ Mạnh Môn (tác giả)
Materyal Türü: Kitap
Baskı/Yayın Bilgisi: H. Đại học và trung học chuyên nghiệp 1986
Edisyon:Tái bản lần thứ 2
Konular:
Etiketler: Etiketle
Etiket eklenmemiş, İlk siz ekleyin!
Thư viện lưu trữ: Trung tâm Học liệu Lê Vũ Hùng, Trường Đại học Đồng Tháp
LEADER 01117pam a22002538a 4500
001 00022879
005 20171026081025.0
008 110606s1986 ||||||Viesd
041 0 # |a Vie 
082 1 4 |a 516.007 1  |b H312H 
100 0 # |a Nguyễn Đình Điện  |e Chủ biên 
245 0 0 |c Nguyễn Đình Điện, Đỗ Mạnh Môn, Dương Tiến Thọ  |a Hình học họa hình  |b Sách dùng trong các trường ĐH Kỹ thuật soạn theo chương trình đã được bộ ĐH & TH chuyên nghiệp duyệt 
250 # # |a Tái bản lần thứ 2 
260 # # |a H.  |b Đại học và trung học chuyên nghiệp  |c 1986 
300 # # |a 146 tr.  |b Hình vẽ  |c 27 cm. 
650 # 4 |a Hình học họa hình 
653 # # |a Hình học không gian 
700 0 # |a Dương Tiến Thọ  |e tác giả 
700 0 # |a Đỗ Mạnh Môn  |e tác giả 
852 # # |b Kho đọc  |j KD.0009972 
852 # # |b Thư viện  |j KD.0009972 
852 # # |j KD.0009972 
910 0 # |a nhnam  |d 06/06/2011 
980 # # |a Trung tâm Học liệu Lê Vũ Hùng, Trường Đại học Đồng Tháp